[Event "4. HSK Weihnachtsopen 2018"]
[Site "Hamburg"]
[Date "2018.12.29"]
[Round "6.24"]
[White "Kaußmann, Jean-David"]
[Black "Rodrigues, Afonso"]
[Result "1/2-1/2"]
[WhiteElo "1593"]
[BlackElo "1493"]
[PlyCount "45"]
[EventDate "2018.12.27"]

1. d4 Nf6 2. Bf4 g6 3. Nf3 Bg7 4. e3 O-O 5. h3 d6 6. Be2 c5 7. c3 cxd4 8. exd4
Re8 9. O-O b6 10. Nbd2 Bb7 11. Bc4 Nbd7 12. Re1 a6 13. Qe2 b5 14. Bb3 Nd5 15.
Bg3 Qc7 16. a4 bxa4 17. Bxa4 N5b6 18. Qe3 e5 19. dxe5 Nxa4 20. Rxa4 dxe5 21.
Bh4 f5 22. Qe2 Qc6 23. Qc4+ 1/2-1/2

[Event "4. HSK Weihnachtsopen 2018"]
[Site "Hamburg"]
[Date "2018.12.29"]
[Round "6.26"]
[White "Schulze, Tim"]
[Black "Fuhrmann, Jeppe"]
[Result "1/2-1/2"]
[WhiteElo "1520"]
[BlackElo "1322"]
[PlyCount "63"]
[EventDate "2018.12.27"]

1. d4 Nf6 2. c4 e6 3. Nf3 d5 4. Nc3 b6 5. Bf4 Bb7 6. e3 dxc4 7. Bxc4 h6 8. a3
Be7 9. Nb5 Bd6 10. Nxd6+ cxd6 11. Bb5+ Bc6 12. Qa4 Qd7 13. Bxc6 Nxc6 14. O-O
O-O 15. Rac1 Rac8 16. Qd1 Ne7 17. Qe2 Ng6 18. Bg3 Ne4 19. Nd2 Nxg3 20. hxg3 e5
21. d5 Ne7 22. e4 f5 23. f3 fxe4 24. fxe4 Rxf1+ 25. Rxf1 Rc2 26. b4 Qc7 27. Qd3
Rc3 28. Qb5 Qc8 29. Rf3 Ng6 30. Rxc3 Qxc3 31. Nc4 Qxg3 32. Qe8+ 1/2-1/2

[Event "4. HSK Weihnachtsopen 2018"]
[Site "Hamburg"]
[Date "2018.12.29"]
[Round "6.27"]
[White "Herrmann, Sabine"]
[Black "Müller, Linus"]
[Result "0-1"]
[WhiteElo "1553"]
[BlackElo "1445"]
[PlyCount "42"]
[EventDate "2018.12.27"]

1. e4 c5 2. c3 Nc6 3. Nf3 d6 4. Bc4 Nf6 5. d3 Bg4 6. Be3 a6 7. Nbd2 Ne5 8. Qe2
Bxf3 9. gxf3 Qb6 10. Bb3 Nc6 11. Nc4 Qc7 12. O-O-O b5 13. Nd2 a5 14. c4 a4 15.
Bc2 b4 16. Bb1 g6 17. Bf4 Nd4 18. Qe3 h6 19. e5 g5 20. exf6 gxf4 21. Qxf4 Ne2+
0-1

[Event "4. HSK Weihnachtsopen 2018"]
[Site "Hamburg"]
[Date "2018.12.29"]
[Round "6.29"]
[White "Müller, Nico"]
[Black "Krüger, Dietrich"]
[Result "1-0"]
[WhiteElo "1546"]
[BlackElo "1262"]
[PlyCount "43"]
[EventDate "2018.12.27"]

1. e4 d6 2. d4 e5 3. Bc4 Nf6 4. Nc3 Be6 5. Bxe6 fxe6 6. Nf3 Nbd7 7. Ng5 Qe7 8.
O-O h6 9. Nf3 O-O-O 10. Re1 c5 11. d5 g5 12. Qd3 g4 13. Nh4 Rg8 14. dxe6 Qxe6
15. Nf5 h5 16. a3 Nb6 17. b4 c4 18. Qe3 d5 19. Qg3 d4 20. Nb5 Kb8 21. Nbxd4 Bd6
22. Nxe6 1-0

[Event "4. HSK Weihnachtsopen 2018"]
[Site "Hamburg"]
[Date "2018.12.30"]
[Round "7.1"]
[White "Von Gleich, Alexander"]
[Black "Spiric, Igor"]
[Result "0-1"]
[WhiteElo "2323"]
[BlackElo "2277"]
[PlyCount "104"]
[EventDate "2018.12.27"]

1. Nf3 Nf6 2. c4 e6 3. g3 b6 4. Bg2 Bb7 5. O-O c5 6. Nc3 Be7 7. Re1 d6 8. e4 a6
9. d4 cxd4 10. Nxd4 Qc7 11. Be3 Nbd7 12. Rc1 Rc8 13. f4 O-O 14. g4 Nc5 15. Bf2
d5 16. cxd5 Qxf4 17. Bg3 Qxg4 18. d6 Qxd1 19. Rexd1 Bd8 20. e5 Bxg2 21. Kxg2
Ng4 22. Kf3 f5 23. b4 Nd7 24. Nxe6 Re8 25. Nxd8 Ndxe5+ 26. Bxe5 Nxe5+ 27. Kf4
Rc4+ 28. Kg3 f4+ 29. Kh3 Rxd8 30. Rd5 Nf7 31. d7 g5 32. Kg4 Rc7 33. Re1 Rxc3
34. Rxg5+ Nxg5 35. Re8+ Kf7 36. Rxd8 Ne6 37. Rh8 Rd3 38. Rxh7+ Kf6 39. Rh6+ Ke7
40. Kf5 Rd5+ 41. Ke4 Rxd7 42. Ke5 Nd8 43. Kxf4 Rd4+ 44. Ke5 Rxb4 45. Kd5 a5 46.
Rh7+ Nf7 47. Kc6 Ke6 48. Kb7 a4 49. Ka6 Nd6 50. Rh6+ Kd5 51. Rh5+ Kc6 52. Rh3
Rb5 0-1

[Event "4. HSK Weihnachtsopen 2018"]
[Site "Hamburg"]
[Date "2018.12.30"]
[Round "7.2"]
[White "Jantzen, Hans-Jörg"]
[Black "Powierski, Emil"]
[Result "1/2-1/2"]
[WhiteElo "2130"]
[BlackElo "2310"]
[PlyCount "32"]
[EventDate "2018.12.27"]

1. d4 Nf6 2. Bf4 e6 3. e3 c5 4. c3 b6 5. Nd2 Bb7 6. Ngf3 Be7 7. h3 O-O 8. Bd3
cxd4 9. exd4 d6 10. Qe2 Nbd7 11. O-O Re8 12. Bh2 Qc7 13. Rfe1 Nf8 14. Ne4 Nxe4
15. Bxe4 Bxe4 16. Qxe4 Nd7 1/2-1/2

[Event "4. HSK Weihnachtsopen 2018"]
[Site "Hamburg"]
[Date "2018.12.30"]
[Round "7.3"]
[White "Hochgräfe, Markus"]
[Black "Franke, Lutz"]
[Result "1-0"]
[WhiteElo "2413"]
[BlackElo "2110"]
[PlyCount "65"]
[EventDate "2018.12.27"]

1. d4 e6 2. Nf3 f5 3. g3 Nf6 4. Bg2 Be7 5. c4 d6 6. Nc3 O-O 7. b3 a5 8. O-O Qe8
9. Re1 Qg6 10. Ba3 Na6 11. d5 Ne4 12. Nxe4 fxe4 13. Nd4 e5 14. Ne6 Bxe6 15.
dxe6 c6 16. Qd2 Qxe6 17. Bxe4 Nc7 18. Rad1 Rfd8 19. Qc2 h6 20. Rd2 Na6 21. Red1
Nc5 22. Bf5 Qf6 23. Bxc5 dxc5 24. Rd7 Kh8 25. Rxb7 Rxd1+ 26. Qxd1 Rf8 27. Qd7
Bd6 28. f3 e4 29. Bxe4 Qa1+ 30. Kg2 Be5 31. Qe6 Bd4 32. Qg6 Qg1+ 33. Kh3 1-0

[Event "4. HSK Weihnachtsopen 2018"]
[Site "Hamburg"]
[Date "2018.12.30"]
[Round "7.5"]
[White "Koop, Sören"]
[Black "Böhm, Thomas"]
[Result "1-0"]
[WhiteElo "2096"]
[BlackElo "2126"]
[PlyCount "67"]
[EventDate "2018.12.27"]

1. e4 c6 2. Nc3 d5 3. Nf3 Bg4 4. h3 Bxf3 5. Qxf3 Nf6 6. d3 e6 7. Bd2 Qb6 8.
O-O-O Bb4 9. g4 Na6 10. g5 Nd7 11. Qg3 Qa5 12. a3 Bxa3 13. bxa3 Qxa3+ 14. Kb1
Nb4 15. d4 O-O 16. Bc1 Qa5 17. Bb2 b5 18. h4 Nb6 19. h5 Na4 20. Nxa4 Qxa4 21.
Qb3 Qxb3 22. cxb3 f5 23. Ba3 a5 24. Bxb4 axb4 25. exd5 Ra3 26. dxc6 Rxb3+ 27.
Kc2 Rc3+ 28. Kb2 Rxc6 29. Bxb5 Rc3 30. d5 exd5 31. Rxd5 Rf3 32. Bc4 Kh8 33.
Rhd1 Rxf2+ 34. Kb1 1-0

[Event "4. HSK Weihnachtsopen 2018"]
[Site "Hamburg"]
[Date "2018.12.30"]
[Round "7.6"]
[White "Malkiel, Daniel"]
[Black "Schellhorn, Wolfgang"]
[Result "1/2-1/2"]
[WhiteElo "2187"]
[BlackElo "2138"]
[PlyCount "40"]
[EventDate "2018.12.27"]

1. d4 Nf6 2. Nf3 g6 3. c4 Bg7 4. Nc3 d5 5. cxd5 Nxd5 6. e4 Nxc3 7. bxc3 O-O 8.
Be3 c5 9. Be2 Qa5 10. O-O Rd8 11. Qb3 cxd4 12. cxd4 e6 13. Rac1 Nd7 14. Bg5 Re8
15. Rfd1 a6 16. Bd2 Qb6 17. Qxb6 Nxb6 18. Ba5 Na4 19. Rc7 Bf6 20. Rc2 b6
1/2-1/2

[Event "4. HSK Weihnachtsopen 2018"]
[Site "Hamburg"]
[Date "2018.12.30"]
[Round "7.7"]
[White "Apitzsch, Leon Fabian"]
[Black "Magnussen, Helge"]
[Result "0-1"]
[WhiteElo "1940"]
[BlackElo "2041"]
[PlyCount "70"]
[EventDate "2018.12.27"]

1. e4 e6 2. d4 d5 3. Nc3 Bb4 4. e5 Ne7 5. a3 Bxc3+ 6. bxc3 c5 7. Qg4 O-O 8. Bd3
Nbc6 9. Nf3 f5 10. exf6 Rxf6 11. Bg5 e5 12. Qg3 Rxf3 13. gxf3 c4 14. Be2 h6 15.
Bxe7 Qxe7 16. dxe5 Nxe5 17. O-O Bf5 18. f4 Ng6 19. Bf3 Qd6 20. Rad1 Nxf4 21.
Bxd5+ Kh8 22. Bf3 Qe5 23. Rfe1 Nh3+ 24. Kg2 Qf6 25. Bxb7 Rf8 26. Rd6 Nf4+ 27.
Kh1 Qxd6 28. Bf3 Bxc2 29. h4 Qxa3 30. Be4 Bxe4+ 31. Rxe4 Nd3 32. Rxc4 Qc1+ 33.
Kg2 Rxf2+ 34. Kh3 Qf1+ 35. Kg4 Rg2 0-1

[Event "4. HSK Weihnachtsopen 2018"]
[Site "Hamburg"]
[Date "2018.12.30"]
[Round "7.9"]
[White "Grabbel, Torben Frederik"]
[Black "Porth, Hartmut"]
[Result "0-1"]
[WhiteElo "1469"]
[BlackElo "2093"]
[PlyCount "38"]
[EventDate "2018.12.27"]

1. d4 d5 2. Nf3 Nc6 3. Bf4 Bg4 4. e3 e6 5. c3 Bd6 6. Bg3 Nh6 7. Bd3 O-O 8. Nbd2
e5 9. e4 exd4 10. exd5 dxc3 11. bxc3 Re8+ 12. Be2 Bxg3 13. dxc6 Bf4 14. cxb7
Rb8 15. Rb1 c5 16. h3 Bf5 17. Rb5 Rxe2+ 18. Qxe2 Bd3 19. Qd1 Qe8+ 0-1

[Event "4. HSK Weihnachtsopen 2018"]
[Site "Hamburg"]
[Date "2018.12.30"]
[Round "7.11"]
[White "Schramm, Fynn"]
[Black "Mi, Gufeng"]
[Result "1-0"]
[WhiteElo "1913"]
[BlackElo "1489"]
[PlyCount "95"]
[EventDate "2018.12.27"]

1. e4 g6 2. d4 Bg7 3. Nc3 d6 4. Be2 a6 5. Nf3 Nd7 6. O-O b5 7. a3 Bb7 8. Bf4
Ngf6 9. Re1 Nxe4 10. Nxe4 Bxe4 11. Bxb5 axb5 12. Rxe4 Nf6 13. Re2 Nd5 14. Bg3
O-O 15. Qd3 c6 16. Rae1 h6 17. Qe4 Re8 18. Qg4 Qb6 19. Bxd6 Nf6 20. Qh3 exd6
21. Rxe8+ Nxe8 22. Qd7 Nf6 23. Qxd6 Rd8 24. Qf4 Nd5 25. Qh4 Qc7 26. b3 Ra8 27.
c4 bxc4 28. bxc4 Nf6 29. Re3 Qd8 30. Ne5 Nh5 31. Qxd8+ Rxd8 32. Nxc6 Rd7 33. d5
Bf8 34. Rb3 Kg7 35. a4 Bc5 36. a5 Nf6 37. a6 Ne4 38. Rb7 Rd6 39. a7 Rf6 40.
a8=Q Rxf2 41. Qa1+ Rf6+ 42. Nd4 Nd2 43. Kh1 Rf1+ 44. Qxf1 Nxf1 45. Ne6+ Kf6 46.
Nxc5 Ne3 47. Ne4+ Ke5 48. d6 1-0

[Event "4. HSK Weihnachtsopen 2018"]
[Site "Hamburg"]
[Date "2018.12.30"]
[Round "7.12"]
[White "Schulz, Hans-Juergen"]
[Black "Rudolph, Jens-Erik"]
[Result "1-0"]
[WhiteElo "1827"]
[BlackElo "1860"]
[PlyCount "75"]
[EventDate "2018.12.27"]

1. e4 d5 2. exd5 Qxd5 3. Nc3 Qa5 4. b4 Qxb4 5. Rb1 Qd6 6. Nf3 Nf6 7. Be2 a6 8.
d4 e6 9. O-O Be7 10. Ne5 O-O 11. Be3 b6 12. Bf3 Ra7 13. Qe2 Bb7 14. Bxb7 Rxb7
15. Qf3 Ra7 16. Rfd1 Nd5 17. Nxd5 exd5 18. Bf4 Qd8 19. Rb3 f6 20. Ng4 c6 21.
Qg3 Kh8 22. Re1 g5 23. Bxb8 Qxb8 24. Qh3 Qf4 25. Rd3 Bb4 26. c3 Re7 27. Rde3
Bd6 28. Rxe7 Bxe7 29. g3 Qd6 30. Nh6 Bd8 31. Re8 Qa3 32. Rxd8 Qc1+ 33. Kg2 Rxd8
34. Nf7+ Kg7 35. Nxd8 Qxc3 36. Qd7+ Kh6 37. Ne6 Kg6 38. g4 1-0

[Event "4. HSK Weihnachtsopen 2018"]
[Site "Hamburg"]
[Date "2018.12.30"]
[Round "7.13"]
[White "Paufler, Patrick"]
[Black "Sonntag, Sven"]
[Result "1-0"]
[WhiteElo "1662"]
[BlackElo "1978"]
[PlyCount "55"]
[EventDate "2018.12.27"]

1. d4 d6 2. c4 Nf6 3. Nc3 Nbd7 4. Nf3 e5 5. dxe5 dxe5 6. Bg5 Bb4 7. Qc2 h6 8.
Bh4 O-O 9. e3 c6 10. a3 Qa5 11. Be2 Re8 12. Rc1 Bxc3+ 13. Qxc3 Qxc3+ 14. Rxc3
Ne4 15. Rd3 g5 16. Bg3 f5 17. Nxe5 Nxe5 18. Bxe5 Rxe5 19. Rd8+ Kg7 20. O-O Nf6
21. Rfd1 b6 22. Bf3 Bb7 23. R8d7+ Nxd7 24. Rxd7+ Kf6 25. Rxb7 Re7 26. Rxe7 Kxe7
27. Bxc6 Kd6 28. Bxa8 1-0

[Event "4. HSK Weihnachtsopen 2018"]
[Site "Hamburg"]
[Date "2018.12.30"]
[Round "7.14"]
[White "Atri, Jamshid"]
[Black "Lu, Siyuan"]
[Result "1-0"]
[WhiteElo "1930"]
[BlackElo "1659"]
[PlyCount "133"]
[EventDate "2018.12.27"]

1. e4 e5 2. f4 exf4 3. Nf3 g5 4. h4 g4 5. Ne5 h5 6. Bc4 Nh6 7. d4 d6 8. Nd3 Nc6
9. Nxf4 Ng8 10. c3 Bh6 11. g3 Bxf4 12. Bxf4 Qe7 13. O-O f6 14. Nd2 Bd7 15. b4
Nh6 16. a4 Nf7 17. Qb3 O-O 18. Rf2 Kg7 19. Raf1 Nh8 20. Bd3 Ng6 21. Be3 Rad8
22. Nc4 Be6 23. Bc1 d5 24. exd5 Bxd5 25. Qc2 Nh8 26. Ne3 Be6 27. Re1 Qd6 28.
Kh2 Ne7 29. Ng2 Nhg6 30. Qd2 Rh8 31. Qe2 Bd5 32. Nf4 Bf3 33. Qc2 Nf8 34. Be4
Bxe4 35. Qxe4 Neg6 36. Qxb7 a6 37. Rfe2 Rh7 38. Ne6+ Nxe6 39. Rxe6 Qd7 40. Qxa6
Qd5 41. Qe2 Rhh8 42. a5 Rhf8 43. Qe3 Qf5 44. Re2 Rf7 45. Qf2 Qd5 46. Qg2 Qf5
47. Qf2 Qd5 48. Qe3 Rh8 49. Qe4 Qc4 50. Qc6 Qd3 51. R6e3 Qf5 52. Bd2 Rd8 53.
Qg2 Qb5 54. Re6 Qc4 55. Qc6 Qd3 56. Qe4 Qc4 57. Rc6 Qb5 58. Rc5 Qa6 59. Qe3 Rh8
60. Qe6 Qd3 61. Qe4 Qa6 62. Rf2 Qc8 63. Qf5 Qa6 64. Bf4 Qb7 65. d5 Ne7 66. Qe6
Rd8 67. Rxc7 1-0

[Event "4. HSK Weihnachtsopen 2018"]
[Site "Hamburg"]
[Date "2018.12.30"]
[Round "7.15"]
[White "Nyenhuis, Yannek"]
[Black "Raedisch, Peter"]
[Result "1-0"]
[WhiteElo "1922"]
[BlackElo "1655"]
[PlyCount "73"]
[EventDate "2018.12.27"]

1. d4 d5 2. Bf4 a6 3. e3 Nc6 4. c3 Nf6 5. Nd2 e6 6. Bd3 h6 7. Ngf3 Nh5 8. Bg3
Bd7 9. a4 Be7 10. Qe2 Bf6 11. e4 Be7 12. exd5 Nxg3 13. hxg3 exd5 14. Ne5 O-O
15. O-O Nxe5 16. dxe5 c5 17. Bc2 c4 18. Nf3 Bg4 19. Qe3 Bg5 20. Qd4 Bxf3 21.
gxf3 Qd7 22. Kg2 Be7 23. Rfd1 Rfd8 24. Be4 Qc7 25. Bxd5 Rac8 26. a5 Qc5 27.
Qxc5 Bxc5 28. Bxb7 Rxd1 29. Rxd1 Rb8 30. Rd7 Kf8 31. Rc7 Be7 32. Rc8+ Rxc8 33.
Bxc8 f6 34. exf6 gxf6 35. Bxa6 Bc5 36. Bxc4 Ke7 37. b4 1-0

[Event "4. HSK Weihnachtsopen 2018"]
[Site "Hamburg"]
[Date "2018.12.30"]
[Round "7.16"]
[White "Bloh, Fabian"]
[Black "Chmielewski, Axel"]
[Result "1/2-1/2"]
[WhiteElo "1685"]
[BlackElo "1854"]
[PlyCount "39"]
[EventDate "2018.12.27"]

1. e4 c6 2. d4 d5 3. exd5 cxd5 4. Bd3 Nf6 5. c3 Nc6 6. Bf4 e6 7. Nf3 Bd6 8. Bg3
O-O 9. O-O Bxg3 10. hxg3 a6 11. a4 Bd7 12. Ne5 Be8 13. Nd2 Nxe5 14. dxe5 Nd7
15. Nf3 f6 16. exf6 Qxf6 17. Bc2 Bh5 18. Qd3 Qh6 19. Rfe1 Rf6 20. Qe3 1/2-1/2

[Event "4. HSK Weihnachtsopen 2018"]
[Site "Hamburg"]
[Date "2018.12.30"]
[Round "7.17"]
[White "Lohmann, Rene Alexander"]
[Black "Grabbel, Lennart Christian"]
[Result "1/2-1/2"]
[WhiteElo "1390"]
[BlackElo "1823"]
[PlyCount "81"]
[EventDate "2018.12.27"]

1. d4 d5 2. Bf4 Nf6 3. e3 Bf5 4. Nd2 e6 5. c4 c6 6. Ngf3 Nbd7 7. Be2 Be7 8. O-O
O-O 9. cxd5 exd5 10. a3 Ne4 11. Nxe4 Bxe4 12. b4 a6 13. Qb3 g5 14. Bg3 Kg7 15.
Be5+ f6 16. Bg3 h5 17. h3 Rh8 18. a4 Qf8 19. b5 Bd6 20. bxc6 Bxg3 21. fxg3 bxc6
22. Qa3 Qxa3 23. Rxa3 c5 24. dxc5 Nxc5 25. Rc1 Nd7 26. Rc6 a5 27. Rc7 Rhc8 28.
Rxd7+ Kg6 29. Bd3 Rc1+ 30. Kf2 Rb8 31. Bb5 Rbc8 32. Nd4 R8c5 33. Rd6 Rb1 34.
Rb3 Ra1 35. Rb2 Rcc1 36. Nb3 Rg1 37. Nxa1 Rxg2+ 38. Ke1 Rxb2 39. Ra6 Rb1+ 40.
Kf2 Rxa1 41. Rxa5 1/2-1/2

[Event "4. HSK Weihnachtsopen 2018"]
[Site "Hamburg"]
[Date "2018.12.30"]
[Round "7.18"]
[White "Chilton, Alexis"]
[Black "Klawitter, Bernd"]
[Result "1-0"]
[WhiteElo "1844"]
[BlackElo "1593"]
[PlyCount "43"]
[EventDate "2018.12.27"]

1. e4 c6 2. d4 d5 3. e5 Bf5 4. Nf3 e6 5. Be2 a6 6. Nbd2 c5 7. c4 dxc4 8. Nxc4
b5 9. Ne3 Be4 10. O-O Nc6 11. Nd2 Bg6 12. Bf3 Rc8 13. Bxc6+ Rxc6 14. Qf3 Rc7
15. d5 exd5 16. Nxd5 Rd7 17. Nf4 Ne7 18. e6 Rd6 19. Nxg6 Rxe6 20. Nxh8 Rf6 21.
Qg3 g6 22. Ne4 1-0

[Event "4. HSK Weihnachtsopen 2018"]
[Site "Hamburg"]
[Date "2018.12.30"]
[Round "7.19"]
[White "Rodrigues, Afonso"]
[Black "Zierott, Jan"]
[Result "0-1"]
[WhiteElo "1493"]
[BlackElo "1792"]
[PlyCount "86"]
[EventDate "2018.12.27"]

1. e4 c6 2. d4 d5 3. Nc3 dxe4 4. Nxe4 Bf5 5. Ng3 Bg6 6. Nf3 Nd7 7. c3 e6 8. Bd3
Bd6 9. O-O Ngf6 10. Re1 Bxd3 11. Qxd3 O-O 12. Ne4 Nxe4 13. Rxe4 Nc5 14. Qe3
Nxe4 15. Qxe4 Qf6 16. Qg4 Qf5 17. Qh4 h6 18. Bd2 e5 19. Re1 Rfe8 20. dxe5 Bxe5
21. Nxe5 Rxe5 22. Rxe5 Qxe5 23. Be3 Qd5 24. Qg4 Rd8 25. Bd4 Qg5 26. Qxg5 hxg5
27. Kf1 b6 28. Ke2 c5 29. Be3 f6 30. a4 Kf7 31. b4 cxb4 32. cxb4 Rd7 33. f4
gxf4 34. Bxf4 Rd4 35. Bd2 Ke6 36. a5 b5 37. Be3 Kd5 38. Bd2 Rxd2+ 39. Kxd2 Kc4
40. Kc2 a6 41. h4 Kxb4 42. g4 Kxa5 43. g5 fxg5 0-1

[Event "4. HSK Weihnachtsopen 2018"]
[Site "Hamburg"]
[Date "2018.12.30"]
[Round "7.20"]
[White "Müller, Linus"]
[Black "Goltser, Ilja"]
[Result "0-1"]
[WhiteElo "1445"]
[BlackElo "1744"]
[PlyCount "184"]
[EventDate "2018.12.27"]

1. d4 e6 2. Nf3 c5 3. e4 cxd4 4. Nxd4 a6 5. Nc3 Qc7 6. a3 Nf6 7. f4 d6 8. Nf3
Nbd7 9. g3 Be7 10. Bg2 b6 11. e5 dxe5 12. Nxe5 Bb7 13. Nxd7 Bxg2 14. Nxf6+ Bxf6
15. Rg1 Bxc3+ 16. bxc3 Qxc3+ 17. Bd2 Qc6 18. Qe2 Bd5 19. Be3 O-O 20. Rb1 b5 21.
Kf2 Rac8 22. Rgc1 Rfd8 23. g4 Bc4 24. Qe1 Qe4 25. Kg3 Bd5 26. Qf2 Rc3 27. Re1
Rxc2 28. Rb4 Rxf2 29. Rxe4 Ra2 30. Rb4 Rxa3 31. Rb2 Rc8 32. Kf2 Ra2 33. Rxa2
Bxa2 34. Re2 Bb3 35. Kg3 a5 36. Rd2 Bd5 37. Rb2 a4 38. Rxb5 a3 39. Ra5 a2 40.
Bd4 g6 41. Ra3 Ra8 42. Rxa8+ Bxa8 43. g5 Kf8 44. Kf2 Ke7 45. Ke3 Kd6 46. h4 Bc6
47. Be5+ Kc5 48. Kd3 Bb5+ 49. Ke3 Kc4 50. Kd2 Bc6 51. Kc2 Ba4+ 52. Kd2 Kb3 53.
Kc1 Bc6 54. Bf6 Bd5 55. Be5 Kc4 56. Kd2 Kb3 57. Kc1 Ka3 58. Bb2+ Kb4 59. Be5
Kc4 60. Kd2 Kc5 61. Kd3 Bc4+ 62. Ke3 Kb4 63. Kd2 Kb3 64. Kc1 Bd3 65. Bf6 Bb1
66. Be5 Kc4 67. Kd2 Bd3 68. Bf6 Bb1 69. Be5 Kd5 70. Ke3 Kc6 71. Bf6 Kd6 72.
Be5+ Kd7 73. Bf6 e5 74. Bxe5 Ke6 75. Bf6 Kf5 76. Kf3 Be4+ 77. Kg3 Bd5 78. Kf2
Kxf4 79. Ke2 Kg4 80. Ke3 Kxh4 81. Kf4 Kh5 82. Kg3 h6 83. gxh6 Kxh6 84. Kg4 Kh7
85. Kg5 Kg8 86. Bd4 Kf8 87. Kf6 Ke8 88. Ke5 Bb3 89. Kf6 Kd7 90. Be5 Kc6 91. Kg5
Kd5 92. Kf4 g5+ 0-1

[Event "4. HSK Weihnachtsopen 2018"]
[Site "Hamburg"]
[Date "2018.12.30"]
[Round "7.22"]
[White "Leonforte, Aurelius"]
[Black "Müller, Marvin"]
[Result "0-1"]
[WhiteElo "1629"]
[BlackElo "1586"]
[PlyCount "78"]
[EventDate "2018.12.27"]

1. e4 c5 2. d4 cxd4 3. c3 d6 4. cxd4 g6 5. Nc3 Bg7 6. Nf3 Nf6 7. Bc4 O-O 8. O-O
a6 9. a4 Nc6 10. Re1 Bg4 11. Be3 Nd7 12. Be2 Rc8 13. h3 Bxf3 14. Bxf3 Nb6 15.
b3 Nb4 16. Qd2 Nc6 17. Ne2 e5 18. d5 Ne7 19. Bh6 f5 20. Bxg7 Kxg7 21. Qg5 fxe4
22. Bxe4 Nexd5 23. Qxd8 Rcxd8 24. a5 Nf6 25. Bxb7 Nbd5 26. Bxa6 Nb4 27. Bc4 Nc2
28. Rec1 Nxa1 29. Rxa1 d5 30. Bd3 e4 31. Bb1 d4 32. Nf4 Rfe8 33. g4 d3 34. Ng2
d2 35. Bc2 Rc8 36. Ne3 Nd5 37. Nc4 e3 38. Bxg6 hxg6 39. fxe3 Rxc4 0-1

[Event "4. HSK Weihnachtsopen 2018"]
[Site "Hamburg"]
[Date "2018.12.30"]
[Round "7.23"]
[White "Mandelkow, Elias"]
[Black "Westphal-Stubbe, Siegbert"]
[Result "1/2-1/2"]
[WhiteElo "1569"]
[BlackElo "1664"]
[PlyCount "166"]
[EventDate "2018.12.27"]

1. d4 e6 2. c4 Nf6 3. Nf3 Bb4+ 4. Nbd2 Be7 5. e3 c5 6. a3 a6 7. dxc5 Bxc5 8. b4
Be7 9. Bb2 d6 10. Qc2 b6 11. Bd3 Bb7 12. Ne4 Nbd7 13. Ng3 Rc8 14. Qe2 O-O 15.
Rd1 Qc7 16. Nd4 Ne5 17. Rc1 Nxd3+ 18. Qxd3 Bxg2 19. Rg1 Qb7 20. Qe2 Bh3 21. Nh5
Nxh5 22. Qxh5 e5 23. Qxh3 exd4 24. Bxd4 f6 25. Qg3 Rf7 26. Ke2 Qd7 27. Kd2 d5
28. cxd5 Rxc1 29. Rxc1 Bd6 30. Qg2 a5 31. Rb1 Qb5 32. Bc3 Qc4 33. bxa5 Rc7 34.
Rc1 Be5 35. Bb2 Qa2 36. Rxc7 Bxc7 37. Kc1 Qc4+ 38. Kb1 Qd3+ 39. Ka1 Qd1+ 40.
Ka2 Qc2 41. Qg4 h5 42. Qxh5 g6 43. Qg4 Be5 44. Qe6+ Kg7 45. Qxb6 Qxf2 46. a6
Qc2 47. Qb7+ Kh6 48. a7 Bxb2 49. Qxb2 Qc4+ 50. Ka1 Qf1+ 51. Qb1 Qa6 52. Qc1
Qxa7 53. h3 g5 54. Qc3 Qa6 55. Ka2 Qe2+ 56. Kb3 Qb5+ 57. Kc2 Qe2+ 58. Qd2 Qc4+
59. Kd1 Qf1+ 60. Kc2 Qxh3 61. d6 Qf5+ 62. Qd3 Qc5+ 63. Kd2 Qa5+ 64. Ke2 Qe5 65.
d7 Qh2+ 66. Kd1 Qh1+ 67. Kc2 Qc6+ 68. Kb3 Qb6+ 69. Ka2 Qe6+ 70. Kb2 Qb6+ 71.
Qb3 Qd6 72. Qc3 Qh2+ 73. Kb3 Qb8+ 74. Qb4 Qg8+ 75. Kc3 Qd8 76. Qd4 Qa5+ 77. Kc2
Qc7+ 78. Kd3 Qd8 79. a4 Kg6 80. Qe4+ Kf7 81. Qe8+ Qxe8 82. dxe8=Q+ Kxe8 83. Ke4
Kd8 1/2-1/2

[Event "4. HSK Weihnachtsopen 2018"]
[Site "Hamburg"]
[Date "2018.12.30"]
[Round "7.24"]
[White "Schulze, Tim"]
[Black "Kaußmann, Jean-David"]
[Result "0-1"]
[WhiteElo "1520"]
[BlackElo "1593"]
[PlyCount "54"]
[EventDate "2018.12.27"]

1. d4 d5 2. c4 e6 3. Nc3 Nf6 4. Nf3 c6 5. Bg5 h6 6. Bh4 Be7 7. e3 Ne4 8. Bxe7
Qxe7 9. Nxe4 dxe4 10. Nd2 f5 11. Qc2 O-O 12. O-O-O Kh8 13. Be2 Nd7 14. g4 Qh4
15. gxf5 Qxf2 16. Nxe4 Qxe3+ 17. Kb1 exf5 18. Nd6 Nb6 19. Rd3 Qe7 20. c5 Nd5
21. Rf3 f4 22. Bd3 Qe6 23. Rg1 Nb4 24. Qg2 Qxa2+ 25. Kc1 g5 26. Re1 Nxd3+ 27.
Rxd3 Qa1+ 0-1

[Event "4. HSK Weihnachtsopen 2018"]
[Site "Hamburg"]
[Date "2018.12.30"]
[Round "7.26"]
[White "Meyer, Harald"]
[Black "Müller, Nico"]
[Result "0-1"]
[WhiteElo "1282"]
[BlackElo "1546"]
[PlyCount "48"]
[EventDate "2018.12.27"]

1. Nf3 c5 2. e4 d6 3. Bc4 Nf6 4. d3 Nc6 5. Be3 b6 6. a3 e6 7. Nc3 d5 8. exd5
exd5 9. Bb5 Bd7 10. Qe2 Be7 11. Bg5 O-O 12. O-O Re8 13. Qd2 d4 14. Bxf6 dxc3
15. Bxe7 Nxe7 16. Qxc3 Bxb5 17. Rfe1 Ng6 18. h3 Qd5 19. Re4 Rxe4 20. dxe4 Qxe4
21. Re1 Qf5 22. Ne5 Re8 23. Nf3 Rxe1+ 24. Qxe1 Qxc2 0-1

[Event "4. HSK Weihnachtsopen 2018"]
[Site "Hamburg"]
[Date "2018.12.30"]
[Round "7.27"]
[White "Tatliak, Stefan"]
[Black "Grotrian, Peter"]
[Result "1-0"]
[WhiteElo "1699"]
[BlackElo "1500"]
[PlyCount "53"]
[EventDate "2018.12.27"]

1. e4 c5 2. Nf3 d6 3. d4 cxd4 4. Nxd4 Nf6 5. Nc3 a6 6. Be2 e5 7. Nb3 Be7 8. Be3
Be6 9. O-O O-O 10. f4 exf4 11. Bxf4 Nc6 12. Bg3 Ne5 13. h3 Rc8 14. Kh2 Rxc3 15.
bxc3 Nxe4 16. Be1 Qc7 17. Nd4 Nxc3 18. Nxe6 Nxd1 19. Nxc7 Ne3 20. Rb1 Rc8 21.
Rxb7 Nxf1+ 22. Bxf1 h6 23. Bxa6 d5 24. Nxd5 Bd6 25. Ne7+ Kh8 26. Nxc8 Ng4+ 27.
Kh1 1-0